Catalog

Record Details

Catalog Search



Chernobyl diaries / Alcon Entertainment, Filmation ... Read More

Available copies

  • 1 of 1 copy available at LARL/NWRL Consortium.
  • 1 of 1 copy available at Northwest Regional Library. (Show preferred library)

Current holds

0 current holds with 1 total copy.

Show Only Available Copies
Location Call Number / Copy Notes Barcode Shelving Location Status Due Date
Thief River Falls Public Library DVD CHE (Text) 35500006388738 Main Available -

Record details

  • ISBN: 078069810X
  • ISBN: 9780780698109
  • Physical Description: 1 videodisc (86 min.) : sound, color ; 4 3/4 in.
  • Edition: Widescreen ver.
  • Publisher: Burbank, CA : Warner Bros., 2012.

Content descriptions

General Note:
Title from disc surface.
DVD release of the 2012 motion picture.
Special features: Chernobyl conspiracy viral video ; additional scene.
Creation/Production Credits Note:
Casting, Terri Taylor ; music, Diego Stocco ; ... Read More
Participant or Performer Note:
Devin Kelley, Jonathan Sadowski, Ingrid Bolsø ... Read More
Summary, etc.:
Six tourists hire an extreme tour guide who takes ... Read More
System Details Note:
DVD, region 1, widescreen, dual layer format, ... Read More
Language Note:
Subtitled for the deaf and hard of hearing.
English, Spanish or French dialogue; English, ... Read More
Subject: Tourists > Ukraine > Drama.
Chernobyl Nuclear Accident, Chornobylʹ, Ukraine, 1986 > Drama.
Tourists.
Ukraine.
Ukraine > Chornobylʹ
Genre: Drama.
Feature films.
Fiction films.
Horror films.
Video recordings for the hearing impaired.
Feature films.
Fiction films.
Horror films.
Video recordings for the hearing impaired.
LDR 04783cgm a2200877 a 4500
001456700
003LARL_NWRL_CONSORTIUM
00520250220160610.0
008120906s2012 cau086 vleng d
007vd cvaizq
040 . ‡aTDS ‡beng ‡cTDS ‡dOCLCO ‡dOCLCQ ‡dOCLCF ‡dOCLCA ‡dCD6 ‡dOCLCQ ‡dGRC ‡dOCLCO ‡dCD5 ‡dEYB ‡dOCLCQ ‡dOCLCO ‡dLMJ ‡dOCLCO ‡dOCL ‡dOCLCO ‡dOCLCA ‡dOCLCQ ‡dOCLCO ‡dOCLCL ‡dOCLCQ
019 . ‡a987454047 ‡a1002026906 ‡a1003370650 ‡a1011968075 ‡a1021089867 ‡a1027696491 ‡a1053924369
020 . ‡a078069810X
020 . ‡a9780780698109
0241 . ‡a883929252978
02842. ‡a1000308485 ‡bWarner Bros.
035 . ‡a(OCoLC)965593962 ‡z(OCoLC)987454047 ‡z(OCoLC)1002026906 ‡z(OCoLC)1003370650 ‡z(OCoLC)1011968075 ‡z(OCoLC)1021089867 ‡z(OCoLC)1027696491 ‡z(OCoLC)1053924369
037 . ‡bMidwest Tape ‡nhttp://www.midwesttapes.com
0411 . ‡aeng ‡aspa ‡afre ‡jspa ‡jfre ‡heng
043 . ‡ae-un---
08204. ‡a791.43/72 ‡223
24500. ‡aChernobyl diaries / ‡cAlcon Entertainment, Filmation Entertainment ; produced by Oren Peli, Brian Witten ; screenplay, Oren Peli, Carey van Dyke & Shane Van Dyke ; director, Bradley Parker.
250 . ‡aWidescreen ver.
260 . ‡aBurbank, CA : ‡bWarner Bros., ‡c2012.
300 . ‡a1 videodisc (86 min.) : ‡bsound, color ; ‡c4 3/4 in.
306 . ‡a012600
336 . ‡atwo-dimensional moving image ‡btdi ‡2rdacontent
337 . ‡avideo ‡bv ‡2rdamedia
338 . ‡avideodisc ‡bvd ‡2rdacarrier
538 . ‡aDVD, region 1, widescreen, dual layer format, Dolby Digital 5.1 Surround.
546 . ‡aSubtitled for the deaf and hard of hearing.
546 . ‡aEnglish, Spanish or French dialogue; English, Spanish or French subtitles.
500 . ‡aTitle from disc surface.
500 . ‡aDVD release of the 2012 motion picture.
5111 . ‡aDevin Kelley, Jonathan Sadowski, Ingrid Bolsø Berdal, Olivia Taylor Dudley, Jesse McCartney, Nathan Philips, Dimitri Diatchenko.
508 . ‡aCasting, Terri Taylor ; music, Diego Stocco ; costume designer, Momirka Bailovic ; editor, Stan Salfas; production designer, Aleksandar Denic ; director of photography, Morten Soborg.
520 . ‡aSix tourists hire an extreme tour guide who takes them to the abandoned city of Pripyat, the former home to the workers of the Chernobyl nuclear reactor. During their exploration, they soon discover they are not alone.
500 . ‡aSpecial features: Chernobyl conspiracy viral video ; additional scene.
650 0. ‡aTourists ‡zUkraine ‡vDrama.
650 0. ‡aChernobyl Nuclear Accident, Chornobylʹ, Ukraine, 1986 ‡vDrama.
650 7. ‡aTourists. ‡2fast ‡0(LARL_NWRL_CONSORTIUM)42121
651 7. ‡aUkraine. ‡2fast ‡0(LARL_NWRL_CONSORTIUM)4694
651 7. ‡aUkraine ‡zChornobylʹ ‡2fast
647 7. ‡aChernobyl Nuclear Accident ‡c(Chornobylʹ, Ukraine : ‡d1986) ‡2fast ‡0(OCoLC)fst00853649
648 7. ‡a1986 ‡2fast
655 7. ‡aDrama. ‡2fast
655 7. ‡aFeature films. ‡2fast ‡0(LARL_NWRL_CONSORTIUM)175625
655 7. ‡aFiction films. ‡2fast ‡0(LARL_NWRL_CONSORTIUM)175626
655 7. ‡aHorror films. ‡2fast ‡0(LARL_NWRL_CONSORTIUM)175653
655 7. ‡aVideo recordings for the hearing impaired. ‡2fast ‡0(LARL_NWRL_CONSORTIUM)175744
655 7. ‡aFeature films. ‡2lcgft ‡0(LARL_NWRL_CONSORTIUM)175625
655 7. ‡aFiction films. ‡2lcgft ‡0(LARL_NWRL_CONSORTIUM)175626
655 7. ‡aHorror films. ‡2lcgft ‡0(LARL_NWRL_CONSORTIUM)175653
655 7. ‡aVideo recordings for the hearing impaired. ‡2lcgft ‡0(LARL_NWRL_CONSORTIUM)175744
7001 . ‡aPeli, Oren. ‡0(LARL_NWRL_CONSORTIUM)217944
7001 . ‡aWitten, Brian.
7001 . ‡aVan Dyke, Carey, ‡d1976-
7001 . ‡aVan Dyke, Shane, ‡d1979-
7001 . ‡aParker, Bradley.
7001 . ‡aKelley, Devin.
7001 . ‡aSadowski, Jonathan, ‡d1979-
7001 . ‡aBerdal, Ingrid Bolsø, ‡d1980-
7001 . ‡aDudley, Olivia Taylor.
7001 . ‡aMcCartney, Jesse, ‡d1987- ‡0(LARL_NWRL_CONSORTIUM)208215
7001 . ‡aPhilips, Nathan.
7001 . ‡aDiatchenko, Dimitri, ‡d1968-2020.
7001 . ‡aStocco, Diego.
7102 . ‡aWarner Bros. ‡0(LARL_NWRL_CONSORTIUM)153111
901 . ‡a456700 ‡bAUTOGEN ‡c456700 ‡tbiblio

Additional Resources